000 00808cam a22002777a 4500
003 CHAP
005 20220329134937.0
008 971013s r 00010 d
010 _a28480
011 _a29452
035 _a33563
040 _cCHAP
082 _a584.9
_bK5
100 0 0 _aKnobloch, Irving W.
_963539
245 1 2 _aA check list of crosses in the Gramineae
260 _aNew York :
_bStechert-Hafner,
_c(s.a.)
300 _a170 p.
590 _aBATCH-UPD
_b10
_c20130110
_lUCH01
_h1800
590 _aBATCH-UPD
_b10
_c20130410
_lUCH01
_h1136
590 _aBATCH-UPD
_b10
_c20130914
_lUCH01
_h1551
590 _aCONVERSION
_b10
_c20130109
_lUCH01
_h1316
650 1 4 _aGramíneas.
_950260
901 _aBK
942 _cLIBRO
949 _a584.9 K5
_bBC
_cLIBRO
_d33724000355558
_eLIBRO
_h17509
_i33563
_si
999 _c28480
_d28480